Gaming Quiz

Random Gaming Quiz

Skyrim Race by Character Quiz Stats

 Plays Quiz not verified by Sporcle

Support Sporcle.
Go Orange.
Score 0/50 Timer 08:00
0 Plays Today
Character Race % Correct
Aela the Huntress???
95.5%
Jarl Balgruuf the Greater???
94.8%
Brynjolf???
90%
M'aiq the Liar???
87%
Ulfric Stormcloak???
86.8%
Nazir???
86.1%
Burguk???
85.5%
Gulum-Ei???
85.3%
Ancano???
85.3%
Elenwen???
83.9%
Urag gro-Shub???
83.3%
General Tullius???
82.6%
Ralof of Riverwood???
82.4%
Borkul the Beast???
80.1%
Nazeem???
80.1%
Veezara???
80%
Ri'saad???
78.8%
Ghorbash the Iron Hand???
78.5%
Keerava???
78.1%
Karliah???
77.2%
Brand-Shei Telvanni???
76.3%
Hadvar???
74.8%
Titus Mede II???
73.1%
Saadia???
72.9%
Irileth???
72.5%
Character Race % Correct
Savos Aren???
72%
Faendal???
72%
Elisif the Fair???
70.5%
Drevis Neloren???
68.8%
Legate Rikke???
66.4%
Lokir???
66%
Proventus Avenicci???
64.7%
Klimmek???
62.5%
Cicero???
61.6%
Nurelion???
51.6%
Mirabelle Ervine???
51.4%
Kesh the Clean???
50.8%
Calcelmo???
48.1%
Athis???
47.7%
Madanach???
42.5%
Delphine???
41.7%
Muiri???
41.2%
Sam Guevenne???
38.6%
Phinis Gestor???
38%
Erandur???
35.3%
Mercer Frey???
35.3%
Niruin???
32.7%
Maramal???
27.6%
Vex???
27.6%
Wylandriah???
24.5%

You're not logged in!

Compare scores with friends on all Sporcle quizzes.
OR
Log In

From the Vault

American Idol Artists

by wnts

Randy Jackson has to be tired of these artists by now.
Remove Ads.
Support Sporcle.
Get the best of Sporcle when you Go Orange. This ad-free experience offers more features, more stats, and more fun while also helping to support Sporcle. Thank you for becoming a member.

Show Comments

Extras

Top Quizzes Today


Score Distribution

Your Account Isn't Verified!

In order to create a playlist on Sporcle, you need to verify the email address you used during registration. Go to your Sporcle Settings to finish the process.

Report this User

Report this user for behavior that violates our Community Guidelines.

Details: